Lập trình Windows dùng Visual C++ 5.0 và MFC; T4 Sách tham chiếu đầy đủ nhất,Sách tự học

Gespeichert in:
Bibliographische Detailangaben
1. Verfasser: Dương Quang Thiện
Format: Buch
Sprache:Undetermined
Veröffentlicht: Hà Nội Thống Kê 1998
Schlagworte:
Tags: Tag hinzufügen
Keine Tags, Fügen Sie den ersten Tag hinzu!
Thư viện lưu trữ: Trung tâm Học liệu Trường Đại học Cần Thơ
LEADER 00635nam a2200181Ia 4500
001 CTU_28667
008 210402s9999 xx 000 0 und d
082 |a 005.43769 
082 |b Th305/T4 
100 |a Dương Quang Thiện 
245 0 |a Lập trình Windows dùng Visual C++ 5.0 và MFC; T4 
245 0 |b Sách tham chiếu đầy đủ nhất,Sách tự học 
245 0 |c Dương Quang Thiện 
260 |a Hà Nội 
260 |b Thống Kê 
260 |c 1998 
650 |a operating systems ( computers ),windows ( computer programs ) 
980 |a Trung tâm Học liệu Trường Đại học Cần Thơ